02338cam a2200373 i 450000100090000000300040000900500170001300800410003001000170007102000300008802000310011802000270014904000280017604200080020404300120021205000210022408200250024510000250027024500640029526400550035930000290041433600260044333700280046933800270049749000310052450400510055550502530060652008910085965000310175065000440178165000420182565000560186765100410192323002913OSt20231202131141.0230307s2023 wau b 001 0 eng  a 2023002467 a9780295751481q(hardback) a9780295751498q(paperback) z9780295751504q(ebook) aDLCbengerdacDLCdDLC apcc aaz-----00aGF661b.G84 202300a304.209540903bGUH/E1 aGuha, Sumiteauthor.10aEcologies of empire in South Asia, 1400-1900 /cSumit Guha. 1aSeattle :bUniversity of Washington Press,c[2023] axvi, 243 pages ;c24 cm. atextbtxt2rdacontent aunmediatedbn2rdamedia avolumebnc2rdacarrier0 aCulture, place, and nature aIncludes bibliographical references and index.0 aInequality, complexity, and ecology -- South Asia in the imperial gaze -- Imperial gaze, lordly grasp -- The village and its inhabitants -- Lands of resistance, terrains of refuge -- Colonialism, disarmament, and the closing of the forest frontier. a"By focusing on the human gaze, or how people interpret their relationship with land, Sumit Guha traces the longue durée of the political ecology of empire in South Asia during the age of empires. This relationship is in most sharp relief when comparing the exploitative and extractive practices of the Mughal Empire and the industrial British Raj as these imperial regimes encountered a large and old agrarian society. While scholars of South Asia regularly dwell on the destructive nature of British policies in South Asia, Guha integrates the cultural turn in environmental studies with the complex imperial rivalries that defined South Asia from the fifteenth through the mid-twentieth century to demonstrate how land use is defined through matrices of competing geographic expertise, too often in service of distant courts and environmental degradation"--cProvided by publisher. 0aHuman ecologyzSouth Asia. 0aLandscapesxSocial aspectszSouth Asia. 0aLand usexSocial aspectszSouth Asia. 0aHuman beingsxEffect of environment onzSouth Asia. 0aSouth AsiaxSocial life and customs.